000 00517nam a2200217Ia 4500
003 OSt
005 20221005131545.0
006 a|||||r|||| 00| 0
007 ta
008 221004b |||||||| |||| 00| 0 eng d
024 _a115661
037 _cTextual
040 _aCRL
_cCRL
_beng
041 _2eng
_aeng
100 _aSingh Satbir
_9639776
245 0 _aSri gru granth sahib da saar
260 _c1985
650 _aPUNJABI LITERATURE
942 _cTEXL
_2cc
999 _c1060722
_d1060722